Statistics for SZA - Special (All Lyrics)

Click here to take the quiz!

General Stats

  • This quiz has been taken 57 times
    (56 since last reset)
  • The average score is 231 of 251

Answer Stats

Answer% Correct
a
100%
hear
100%
her,
100%
her
100%
her?
100%
I
100%
me
100%
special
100%
to
100%
an
98%
be
98%
got
98%
Gucci
98%
I'm
98%
Like
98%
like
98%
my
98%
store
98%
the
98%
was
98%
wish
98%
you
98%
you,
98%
You
98%
you)
98%
all
95%
away
95%
gave
95%
girl?
95%
girl
95%
loser
95%
never
95%
now
95%
Now,
95%
ordinary
95%
she
95%
She
95%
that
95%
wanted
95%
and
93%
But
93%
from
93%
hate
93%
Hate
93%
Just
93%
just
93%
(Just
93%
liked
93%
made
90%
makeup
90%
should
90%
thin
90%
us
90%
where
90%
at
88%
fuck
88%
on
88%
owns
88%
pimples
88%
thick,
88%
any
86%
beauty
86%
changed
86%
in,
86%
look
86%
marks
86%
used
86%
wanna
86%
wore
86%
how
83%
knees
83%
Regret
83%
skin
83%
elbows
81%
fucked
81%
out
81%
saw
81%
up
81%
up,
81%
dry
79%
is
79%
piece,
79%
art
76%
couture
76%
have
76%
why'd
76%
windows
76%
'cause
74%
gon'
74%
mouth,
74%
Pilates
71%
Thinkin'
71%
'bout
69%
don't
69%
fucking,
69%
gettin'
69%
see
69%
too
69%
Heard
67%
say
67%
treat
64%
your
64%
Boy,
62%
kick
62%
wild,
57%
could
52%
bash
48%

Score Distribution

Percentile by Number Answered

Percent of People with Each Score

Your Score History

You have not taken this quiz since the last reset